|
|
|
|
| LEADER |
00000nam a22000007a 4500 |
| 005 |
20151217105433.0 |
| 007 |
cr|||| ||u| |
| 008 |
151217s2013 ck ||||| |||| 00| 0 spa d |
| 020 |
|
|
|a 978-958-738-429-1
|
| 035 |
|
|
|a 12976
|
| 040 |
|
|
|a vLex
|
| 090 |
|
|
|c 5746
|d 5746
|
| 245 |
1 |
0 |
|a Aportes a la construccin̤ del pas̕. Seleccin̤ de pensadores antioqueǫs
|h [Recurso electrn̤ico] /
|c Editorial Universidad de Rosario (Colombia)
|
| 256 |
|
|
|a Servicio en ln̕ea
|
| 260 |
|
|
|a Colombia
|b Editorial Universidad de Rosario (Colombia)
|c 2013
|
| 300 |
|
|
|a 1 recurso electrn̤ico (400 Pg̀inas.)
|
| 506 |
1 |
|
|a Contenido solo disponible en los productos indicados
|d vLex Global
|d vLex Global (Academic Edition, excluding Law Schools)
|d vLex Global (U.S. Academic Edition, Law Schools)
|d vLex Global (U.S. Academic Edition, excluding Law Schools)
|d vLex Global (Academic Edition, Law Schools)
|
| 650 |
0 |
4 |
|a Pensamiento
|z Mundo
|
| 710 |
|
|
|a Editorial Universidad de Rosario (Colombia)
|
| 740 |
|
|
|a vLex libros (servicio en ln̕ea)
|
| 856 |
4 |
0 |
|u http://vlex.com/source/aportes-construccion-pais-seleccion-pensadores-antioque-os-12976
|z Acceso restringido
|
| 942 |
|
|
|c BOOK
|
| 999 |
0 |
|
|a Thought and thinking
|